LEADER 01199nam0 22003011i 450 001 SUN0010868 005 20061013120000.0 010 $a88-13-20792-1 020 $aIT$b98 6236 100 $a20021128d1997 |0itac50 ba 101 $aita 102 $aIT 105 $a|||| ||||| 200 1 $aCircolazione del marchio e trasparenza del mercato$fGiampaolo Dalle Vedove 210 $aPadova$cCedam$d1997 215 $aXI, 363 p.$d24 cm. 410 1$1001SUN0006142$12001 $aCollana di studi giuridici$v25$1210 $aPadova$cCedam. 606 $aMarchi di fabbrica e di commercio$xLegislazione$2FI$3SUNC005965 620 $dPadova$3SUNL000007 676 $a346.450488$v21 700 1$aDalle Vedove$b, Giampaolo$3SUNV001545$0232089 712 $aCEDAM$3SUNV005537$4650 801 $aIT$bSOL$c20181109$gRICA 912 $aSUN0010868 950 $aUFFICIO DI BIBLIOTECA DEL DIPARTIMENTO DI GIURISPRUDENZA$d00 CONS VI.Ei.31 $e00 1973 995 $aUFFICIO DI BIBLIOTECA DEL DIPARTIMENTO DI GIURISPRUDENZA$h1973$kCONS VI.Ei.31$oc$qa 996 $aCircolazione del marchio e trasparenza del mercato$9661400 997 $aUNICAMPANIA LEADER 01250nam a2200373 i 4500 001 991000854749707536 005 20020507174607.0 008 931108s1988 ||| ||| | eng 020 $a0582013739 035 $ab10766686-39ule_inst 035 $aLE01303347$9ExL 040 $aDip.to Matematica$beng 082 0 $a003 084 $aAMS 49-02 084 $aAMS 49-XX 084 $aAMS 60-XX 084 $aAMS 60H10 084 $aAMS 93-02 084 $aAMS 93-03 084 $aAMS 93-XX 084 $aQA402.A349 100 1 $aAhmed, Nasir Uddin$014368 245 10$aElements of finite-dimensional systems and control theory /$cN. U. Ahmed 260 $aHarlow :$bLongman,$c1988 300 $axiii, 421 p. ;$c23 cm. 490 0 $aPitman monographs and surveys in pure and applied mathematics, ISSN 02693666 ;$v37 650 4$aControl theory 650 4$aSystem analysis 907 $a.b10766686$b23-02-17$c28-06-02 912 $a991000854749707536 945 $aLE013 93-XX AHN11 (1988)$g1$i2013000071367$lle013$o-$pE0.00$q-$rl$s- $t0$u0$v0$w0$x0$y.i10862894$z28-06-02 996 $aElements of finite dimensional systems and control theory$9383118 997 $aUNISALENTO 998 $ale013$b01-01-93$cm$da $e-$feng$gxx $h0$i1 LEADER 05431nam 2200697 450 001 9910132336603321 005 20230803203238.0 010 $a1-118-85531-0 010 $a1-118-85506-X 010 $a1-118-85497-7 035 $a(CKB)3710000000134472 035 $a(EBL)1716120 035 $a(OCoLC)869881452 035 $a(SSID)ssj0001261112 035 $a(PQKBManifestationID)11710467 035 $a(PQKBTitleCode)TC0001261112 035 $a(PQKBWorkID)11320043 035 $a(PQKB)11597399 035 $a(OCoLC)884595177 035 $a(MiAaPQ)EBC1716120 035 $a(DLC) 2014004797 035 $a(Au-PeEL)EBL1716120 035 $a(CaPaEBR)ebr10887343 035 $a(CaONFJC)MIL622064 035 $a(EXLCZ)993710000000134472 100 $a20140708h20142014 uy 0 101 0 $aeng 135 $aur|n|---||||| 181 $ctxt 182 $cc 183 $acr 200 10$aLow-energy lunar trajectory design /$fJeffrey S. Parker and Rodney L. Anderson 210 1$aHoboken, New Jersey :$cWiley,$d2014. 210 4$dİ2014 215 $a1 online resource (437 p.) 225 1 $aJPL Deep-Space Communications and Navigation Series 300 $aIncludes index. 311 $a1-118-85387-3 320 $aIncludes bibliographical references and index. 327 $aCover; Title Page; Copyright Page; CONTENTS; Foreword; Preface; Acknowledgments; Authors; 1 Introduction and Executive Summary; 1.1 Purpose; 1.2 Organization; 1.3 Executive Summary; 1.3.1 Direct, Conventional Transfers; 1.3.2 Low-Energy Transfers; 1.3.3 Summary: Low-Energy Transfers to Lunar Libration Orbits; 1.3.4 Summary: Low-Energy Transfers to Low Lunar Orbits; 1.3.5 Summary: Low-Energy Transfers to the Lunar Surface; 1.4 Background; 1.5 The Lunar Transfer Problem; 1.6 Historical Missions; 1.6.1 Missions Implementing Direct Lunar Transfers 327 $a1.6.2 Low-Energy Missions to the Sun-Earth Lagrange Points1.6.3 Missions Implementing Low-Energy Lunar Transfers; 1.7 Low-Energy Lunar Transfers; 2 Methodology; 2.1 Methodology Introduction; 2.2 Physical Data; 2.3 Time Systems; 2.3.1 Dynamical Time, ET; 2.3.2 International Atomic Time, TAI; 2.3.3 Universal Time, UT; 2.3.4 Coordinated Universal Time, UTC; 2.3.5 Lunar Time; 2.3.6 Local True Solar Time, LTST; 2.3.7 Orbit Local Solar Time, OLST; 2.4 Coordinate Frames; 2.4.1 EME2000; 2.4.2 EMO2000; 2.4.3 Principal Axis Frame; 2.4.4 IAU Frames; 2.4.5 Synodic Frames; 2.5 Models; 2.5.1 CRTBP 327 $a2.5.2 Patched Three-Body Model2.5.3 JPL Ephemeris; 2.6 Low-Energy Mission Design; 2.6.1 Dynamical Systems Theory; 2.6.2 Solutions to the CRTBP; 2.6.3 Poincare? Maps; 2.6.4 The State Transition and Monodromy Matrices; 2.6.5 Differential Correction; 2.6.6 Constructing Periodic Orbits; 2.6.7 The Continuation Method; 2.6.8 Orbit Stability; 2.6.9 Examples of Practical Three-Body Orbits; 2.6.10 Invariant Manifolds; 2.6.11 Orbit Transfers; 2.6.12 Building Complex Orbit Chains; 2.6.13 Discussion; 2.7 Tools; 2.7.1 Numerical Integrators; 2.7.2 Optimizers; 2.7.3 Software 327 $a3 Transfers to Lunar Libration Orbits3.1 Executive Summary; 3.2 Introduction; 3.3 Direct Transfers Between Earth and Lunar Libration Orbits; 3.3.1 Methodology; 3.3.2 The Perigee-Point Scenario; 3.3.3 The Open-Point Scenario; 3.3.4 Surveying Direct Lunar Halo Orbit Transfers; 3.3.5 Discussion of Results; 3.3.6 Reducing the ?V Cost; 3.3.7 Conclusions; 3.4 Low-Energy Transfers Between Earth and Lunar Libration Orbits; 3.4.1 Modeling a Low-Energy Transfer using Dynamical Systems Theory; 3.4.2 Energy Analysis of a Low-Energy Transfer 327 $a3.4.3 Constructing a Low-Energy Transfer in the Patched Three-Body Model3.4.4 Constructing a Low-Energy Transfer in the Ephemeris Model of the Solar System; 3.4.5 Families of Low-Energy Transfers; 3.4.6 Monthly Variations in Low-Energy Transfers; 3.4.7 Transfers to Other Three-Body Orbits; 3.5 Three-Body Orbit Transfers; 3.5.1 Transfers from an LL2 Halo Orbit to a Low Lunar Orbit; 4 Transfers to Low Lunar Orbits; 4.1 Executive Summary; 4.2 Introduction; 4.3 Direct Transfers Between Earth and Low Lunar Orbit; 4.4 Low-Energy Transfers Between Earth and Low Lunar Orbit; 4.4.1 Methodology 327 $a4.4.2 Example Survey 330 $a